Barrios por Distritos: Moncloa-Aravaca - Estadísticas

Estadísticas generales
  • Esta prueba ha sido intentada 47 veces
  • La puntuación promedio es 3 de 6
Estadísticas de respuestas
Pista Barrio % Correcto
Universidad Complutense, Palacio de la Moncloa Ciudad Universitaria
72%
Dúplex y chalets de lujo Aravaca
58%
Ejército del Aire, Parque del Oeste Arguelles
56%
Metro y cc Principe Pío, Zoo, Parque de Atracciones Casa de Campo
53%
Metro Antonio Machado, Parque Dehesa de la Villa Valdezarza
28%
Centro comercial Sexta Avenida El Plantío
26%
No se encontraron pruebas coincidentes
Distribución de puntuación
Porcentaje de gente con cada puntuación
Porcentaje por número respondido
Historial de tus puntuaciones
No has intentado esta prueba.